000 00955pam a2200205 a 4500
999 _c6788
_d6788
020 _a0070119805
022 _a9780070119802
050 0 0 _aPE1417
_b.C6314
100 1 _aClouse, Barbara Fine.(ed.)
245 1 0 _aPatterns for a purpose :
_ba rhetorical reader /
_cBarbara Fine Clouse.
250 _a2nd ed.
260 _aBoston :
_bMcGraw-Hill,
_c1999.
300 _axli, 704 p. ;
_c21 cm.
500 _aIncludes index.
505 _aChapter 1. Writing an Essay Chapter 2. Critical thinking and active reading Chapter 3. Description Chapter 4. Narration Chapter 5. Exemplification Chapter 6. Process analysis Chapter 7. Comparison-Contrast Chapter 8. Cause-and-effect Analysis Chapter 9. Classification-Division Chapter 10. Definition Chapter 11. Additional Readings: A casebook for argumentation-persuasion Index
650 0 _aCollege readers.
650 0 _aEnglish language
_xRhetoric
650 0 _aReport writing
942 _cBK